| 000 | 00451 a2200157 4500 | ||
|---|---|---|---|
| 003 | Nust | ||
| 005 | 20221129134055.0 | ||
| 040 | _cNust | ||
| 082 | _a519.2, SPI | ||
| 100 | _aSpiegel, Murray R. | ||
| 245 |
_aSchaum's outlines of probability and statistics _cMurray R. Spiegel and John Schiller |
||
| 250 | _a2nd ed. | ||
| 260 |
_aNew York _bPrentice Hall |
||
| 505 | _aPart 1: Probability (Page-1), Part 2:Statistics (Page-159). | ||
| 942 |
_2ddc _cBK |
||
| 999 |
_c192872 _d192872 |
||